Európaiság és filozófia

Elmentve itt :
Bibliográfiai részletek
További közreműködők: Egyed Péter
Soós Amália-Mária
Kiss Endre
Losoncz Alpár
Valastyán Tamás
Zuh Deodáth
Salat Csilla
Szabó László
Horváth Andor
Balogh Brigitta
Demeter M. Attila
Gál László
Veress Károly
Angi István
Adatforrás:Philobibl
Dokumentumtípus: Könyv
Nyelv:magyar
Kulcsszavak:Európa
politikaelmélet
Megjelent: Kolozsvár Pro Philosophia 2009
Sorozat:Műhely
LEADER 02250nam a2200481 c 4500
001 bibPHI0036814
005 20200924123718.5
008 100219s2009 rm hun
245 0 0 |a Európaiság és filozófia  |c [szerk. Egyed Péter ; közreműk. Soós Amália-Mária] 
260 |a Kolozsvár  |b Pro Philosophia  |c 2009 
490 1 |a Műhely  |v 19. 
505 0 |g p. 7-13.,  |t Bevezető  |r Egyed Péter 
505 0 |g p. 15-33.,  |t A legnagyobbak a nyugati filozófia történetében  |r Kiss Endre 
505 0 |g p. 35-57.,  |t Lehet-e valaki saját társadalmának etnológusa?  |r Losoncz Alpár 
505 0 |g p. 59-73.,  |t Bábel nyelve, a nyelv Bábele  |r Valastyán Tamás 
505 0 |g p. 75-98.,  |t Az európai filozófia invariánsai avagy miért nem az alkmaioni úton indultunk el?  |r Egyed Péter 
505 0 |g p. 99-136.,  |t Az európai filozófiatörténet egysége  |r Zuh Deodáth 
505 0 |g p. 137-157.,  |t "Európa szellemi alkata". Ismét a "Krisis"-ről  |r Salat Csilla 
505 0 |g p. 159-173.,  |t A filozófia mint ssegédmunkás  |r Szabó László 
505 0 |g p. 175-204.,  |t a régiek és a modernek vitája  |r Horváth Andor 
505 0 |g p. 205-220.,  |t Hegel kontra Hegel, avagy Európa az örök béke és az örök háború között  |r Balogh Brigitta 
505 0 |g p. 221-236.,  |t A republikánus gondolat a 20. században  |r Demeter M. Attila 
505 0 |g p. 237-245.,  |t "Az európai egység alapja az európai filozófia" mondat  |r Gál László 
505 0 |g p. 247-258.,  |t Európa másik arca  |r Veress Károly 
505 0 |g p. 259-271.,  |t Mítoszértelmezés az európai filozófiában  |r Soós Amália-Mária 
505 0 |g p. 273-283.,  |t Az erdélyi magyar esztétikatörténet európai vonzatai. Kísérlet egy lehetséges visszatekintésre  |r Angi István 
695 |a Európa 
695 |a politikaelmélet 
700 1 |a Egyed Péter 
700 1 |a Soós Amália-Mária 
700 1 |a Kiss Endre 
700 1 |a Losoncz Alpár 
700 2 |a Valastyán Tamás 
700 1 |a Zuh Deodáth 
700 1 |a Salat Csilla 
700 1 |a Szabó László 
700 1 |a Horváth Andor 
700 1 |a Balogh Brigitta 
700 1 |a Demeter M. Attila 
700 1 |a Gál László 
700 1 |a Veress Károly 
700 1 |a Angi István 
830 0 |a Műhely